000 00667nam a2200277Ia 4500
005 20260324141455.0
008 008 260324s9999 xx 000 0 eng d
020 _a9780203443323
037 _aEBOOK
040 _aCRL
040 _beng
040 _cCRL
041 _2eng
041 _aeng
084 _qCRL
100 _aDeborah Quilgars; Nicholas Pleace; Roger Burrows
_91208322
245 0 _aHomelessness and Social Policy
260 _bTaylor and Francis
260 _c1997
365 _a
365 _b230
856 _uhttp://www.taylorfrancis.com/books/9780203443323
942 _cEBOOK
999 _c1811456
_d1811456